000 00702pab a2200181 454500
008 180718b2007 xxu||||| |||| 00| 0 eng d
100 _aTilak, Jandhyala B.G.
245 _aKnowledge commission and higher education
260 _c2007
300 _ap.630-33.
362 _a24 Feb
520 _aThere are a number of serious problems with the recommendations of the National Knowledge Commission. Many are not based on any analysis and are without supporting evidence. This article critiques some important observations of the Commission - Reproduced.
650 _aHigher education
650 _aKnowledge Commission
773 _aEconomic and Political Weekly
908 _aN
909 _a73347
999 _c73347
_d73347